Maat, joissa on L ensimmäisenä, toisena jne. - Statistics

Yleistilastot
  • Tätä visaa on pelattu 56 kertaa
  • Keskiarvotulos 8 / 10
Vastaustilastot
L näin monentena Maan nimi % Oikein
1 Laos | Latvia | Lesotho | Libanon | Liberia | Libya | Liechtenstein | Liettua | Luxemburg
100%
2 Alankomaat | Albania | Algeria | Slovakia | Slovenia
95%
3 Belgia | Belize | Bolivia | Bulgaria | Filippiinit | Irlanti | Islanti | Kolumbia | Malawi | Malediivit | Malesia | Mali | Malta | Moldova | Palau | Salomoninsaaret | Valko-Venäjä
95%
6 Brasilia | Israel | Itävalta | Mongolia
88%
4 Chile | Etelä-Afrikka | Etelä-Korea | Etelä-Sudan | Italia | Puola
83%
7 Australia | Norsunluurannikko | Senegal | + 2 muuta
75%
5 Angola | Bangladesh | Nepal | Somalia | Tuvalu
73%
9 Yhdysvallat
73%
8 Guatemala | Portugali | Uusi-Seelanti | Venezuela | + 3 muuta
68%
12 Vatikaanivaltio
15%
Ehtoja vastaavia visoja ei löytynyt
Tulosjakauma
Jokaisen tuloksen saaneiden osuus
Persentiili vastausten määrän mukaan
Tuloshistoriasi
Et ole pelannut tätä visaa